000 01069nam a22002657a 4500
003 INP
005 20260622100523.0
008 260505s1978 ua ||fr|||| 00| 0 eng d
040 _aEG-INP
_beng
_cEG-INP
082 0 4 _a338.9 memo 1217
_221
100 _aRobinson, Joan
245 1 4 _aThe meaning of capital (text of a lecture delivered at a seminar held at I.N.P. Cairo, on 20 December 1977) / (1217)
_cJoane Robinson.
260 _aCairo :
_bINP,
_c1978.
300 _a22 p. ؛
_c27 cm.
_gincluded in volume.
490 2 _aExternal Notes ؛
_v1217.
520 _athe controversies over so-called capital theory arose out of the search for a model appropriate to a modern western economy, which would allow for an analysis of accumulation and of the distribution of the net product of industry between wages and profits.
610 _a
650 _2qmark
_a Industry., .
_91723
650 _2qmark
_aEconomy.
_9978
650 _2qmark
_a, Wages
_93533
650 _2qmark
_a Investments
_91867
901 _aEGPV10
903 _aoriginal
999 _c22530
_d22530